000
002700000a22000970004500
100
1
_a
Neira, Enrique
245
1
0
_a
Cristianismo y movimientos socio-políticos de izquierda
300
_a
Vol 25, Núm 4 (1975), Páginas 55-59
773
0
_t
Theologica xaveriana
942
_c
ANA
999
_c
53105
_d
53105